000 00432nam a2200205Ia 4500
001 11756
003 GE_BSU
008 181216s||||||||xx |||||||||||||| ||und||
020 _a0593036174
040 _cGE_BSU
080 _a821.111-32
100 _aGoddart,Robert
245 _aBeyond Recall
260 _aLondon
260 _bBantam Press
260 _c1997
300 _a318p.24cm.
653 _aBeyond Recall
942 _cBK
999 _c44935
_d44935